| 000 | 00987nam a2200277 a 4500 | ||
|---|---|---|---|
| 005 | 20140310183608.0 | ||
| 008 | 120904s19uu xx 00 eng d | ||
| 020 | _a9781444135374 | ||
| 050 |
_aPE 1074.7 _b.M45 2011 |
||
| 100 | _aMelchers, Gunnel | ||
| 245 |
_aWorld Englishes / _cGunnel Melchers & Philip Shaw. |
||
| 250 | _a2nd ed. | ||
| 260 |
_aGreat Britain : _bHodder Education, _c2011. |
||
| 300 |
_a254 p. : _c21 cm. |
||
| 440 | _aEnglish language series | ||
| 500 | _aIncludes bibliographical references (p. 230-248) and index | ||
| 650 |
_aEnglish language _xVariation _xEnglish-speaking countries |
||
| 650 |
_aEnglish language _xVariation _xCommonwealth countries |
||
| 650 |
_aEnglish language _xVariation _xForeign countries |
||
| 650 |
_aEnglish language _xEnglish-speaking countries |
||
| 650 |
_aEnglish language _xCommonwealth countries |
||
| 650 |
_aEnglish language _xForeign countries |
||
| 700 | _aShaw, Philip | ||
| 942 |
_cBK _2lcc _kFOR |
||
| 999 |
_c25204 _d25204 |
||